<?xml version="1.0" encoding="UTF-8"?>
<collection xmlns="http://www.loc.gov/MARC21/slim">
  <record>
    <leader>00000nam  2200000   4500</leader>
    <controlfield tag="001">INLIS000000000020647</controlfield>
    <controlfield tag="005">20250728102008</controlfield>
    <datafield tag="035" ind1="#" ind2="#">
      <subfield code="a">0010-0725000177</subfield>
    </datafield>
    <controlfield tag="007">ta</controlfield>
    <controlfield tag="008">250728################|##########|#|##</controlfield>
    <datafield tag="084" ind1="#" ind2="#">
      <subfield code="a">R 0026 PKA 2024</subfield>
    </datafield>
    <datafield tag="100" ind1=" " ind2="#">
      <subfield code="a">Adi Daen Fahmi</subfield>
    </datafield>
    <datafield tag="245" ind1="1" ind2="#">
      <subfield code="a">"Komdev" Inovasi Bersama Komunitas Untuk Pengembangan Wirausaha Masa Depan /</subfield>
      <subfield code="c">Adi Daen Fahmi</subfield>
    </datafield>
    <datafield tag="260" ind1="#" ind2="#">
      <subfield code="a">Jakarta :</subfield>
      <subfield code="b">Pusbangkom Pimnas dan Manajerial ASN,</subfield>
      <subfield code="c">2024</subfield>
    </datafield>
    <datafield tag="300" ind1="#" ind2="#">
      <subfield code="a">21 hlm. ;</subfield>
      <subfield code="c">30 cm</subfield>
    </datafield>
    <datafield tag="650" ind1="#" ind2="4">
      <subfield code="a">Wirausaha</subfield>
    </datafield>
    <datafield tag="520" ind1="#" ind2="#">
      <subfield code="a">Aksi Perubahan "Komdev" hadir untuk memberdayakan komunitas wirausaha dan dinas koperasi daerah dalam mendorong pengembangan wirausaha lokal yang berkelanjutan. Dimulai dengan pilot project di Bandung dan Yogyakarta, aksi ini membangun tim koordinasi yang solid dan menerapkan pedoman pelaksanaan yang efektif. Pada tahap menengah, program ini memperkuat jaringan kemitraan dan memperluas akses pendanaan. Di jangka panjang, Komdev diharapkan menjadi model nasional, dengan tujuan menciptakan ekosistem kewirausahaan yang kuat dan mendukung pertumbuhan ekonomi melalui kontribusi UMKM yang lebih besar.</subfield>
    </datafield>
    <datafield tag="990" ind1="#" ind2="#">
      <subfield code="a">2024/1.2.3/A/0026</subfield>
    </datafield>
  </record>
</collection>
